Sociolinguistics <a> reader and coursebook
Enregistré dans:
| Autres auteurs: | , |
|---|---|
| Format: | Livre |
| Langue: | anglais |
| Publié: |
Basingstoke
Palgrave Macmillan
1997
|
| Collection: | Modern linguistics series
|
| Sujets: | |
| Tags: |
Pas de tags, Soyez le premier à ajouter un tag!
|
MARC
| LEADER | 00000nam$a2200000$$$4500 | ||
|---|---|---|---|
| 001 | 0106186 | ||
| 005 | 20240111125453.5 | ||
| 020 | |a 978-0-333-61180-7 | ||
| 020 | |a 0-333-61180-2 | ||
| 041 | 0 | |a eng | |
| 044 | |a GB | ||
| 245 | 1 | 0 | |a Sociolinguistics |b <a> reader and coursebook |c edited by: Nicolas Coupland and Adam Jaworski |
| 264 | 1 | |a Basingstoke |b Palgrave Macmillan |c 1997 | |
| 300 | |a 505 s. | ||
| 490 | 1 | |a Modern linguistics series | |
| 830 | 0 | |a Modern linguistics series | |
| 610 | 2 | 0 | |a jazykoveda |
| 610 | 2 | 0 | |a terminológia |
| 610 | 2 | 0 | |a jazyky cudzie |
| 610 | 2 | 0 | |a sociológia |
| 610 | 2 | 0 | |a spoločnosť |
| 610 | 2 | 0 | |a komunikácia |
| 610 | 2 | 0 | |a etnografia |
| 610 | 2 | 0 | |a etika |
| 610 | 2 | 0 | |a triedy spoločenské |
| 610 | 2 | 0 | |a kultúra |
| 610 | 2 | 0 | |a vzťahy medziľudské |
| 700 | 1 | |a Coupland, Nicolas | |
| 700 | 1 | |a Jaworski, Adam | |